| 000 | 00386nam a2200109Ia 4500 | ||
|---|---|---|---|
| 008 | 171205s9999 xx 000 0 und d | ||
| 020 | _a9789715427432 | ||
| 100 | _aTolentino, Rolando B. | ||
| 245 |
_cRolando b. Tolentino, Patrick F. Campos, Randy Jay C. Solis, Choy S. Pangilinan _aCommunication and Media Theories |
||
| 260 |
_bUniversity of the Philippines _c2014 |
||
| 300 | _a547 pages | ||
| 999 |
_c347369 _d347369 |
||